Arcane - Season 1 and 2 - Statistics

General Stats
  • This quiz has been taken 391 times
  • The average score is 8 of 15
Answer Stats
Hint Answer % Correct
Silco's second-in-command (S1&2) Sevika
83%
Ekko's society (S1&2) Firelights
81%
Vander's monster form (S2) Warwick
75%
Jayce's surname (S1) Talis
71%
Name of prison Vi was kept in (S1&2) Stillwater
63%
Ambessa's double agent (S2) Maddie
58%
Chief enforcer that Caitlyn beats in a shooting contest (S1) Grayson
55%
Mel's brother (S2) Kino
50%
Ekko's nickname (S1&2) Little Man
50%
Mel's assistant (S1&2) Elora
46%
Vi's friend that reminds her of Vander (S2) Loris
41%
Marcus's daughter (S1) Ren
31%
Viktor's title (S2) Machine Herald
29%
Vi & Jinx/Powder mother and father, respectively (S2) Felicia and Connol
26%
Ekko's time machine (S2) The Zero Drive
4%
No matching quizzes found
Score Distribution
Percent of People with Each Score
Percentile by Number Answered
Your Score History
You have not taken this quiz